000 01435cam a2200385 i 4500
001 016509000
003 EG-ScBUE
005 20230410100945.0
008 130930t2013 gw c f b 001 0 eng d
020 _a9783836548939
040 _aStDuBDS
_beng
_erda
_cStDuBDS
_dUk
_dEG-ScBUE
041 1 _aeng
_hund
082 0 4 _a759.054
_bIMP
_222
245 0 0 _aImpressionism 1860-1920 /
_cedited by Ingo F. Walther ; [English translation by Michael Hulse]
264 1 _aKöln, Germany :
_bTaschen,
_c[2013]
264 4 _cc2013
300 _a2 volumes :
_bportraits ;
_c28 cm
336 _2rdacontent
_atext
_btxt
337 _2rdamedia
_aunmediated
_bn
338 _2rdacarrier
_avolume
_bnc
500 _aThis translation originally published in 2 volumes: 1993. This combined edition originally published: 1997.
504 _aIncludes bibliographical references and index.
505 0 _aVolume 1. Impressionism in France -- Volume 2. Impressionism in Europe and North America.
546 _aText translated into English.
650 7 _aImpressionism (Art)
_2BUEsh
650 7 _aPainting, Modern
_y19th century.
_2BUEsh
650 7 _aPainting, Modern
_y20th century.
_2BUEsh
650 7 _aImpressionist artists.
_2BUEsh
651 _2BUEsh
653 _bCOMAME
_cMay2015
655 _vReading book
700 1 _aWalther, Ingo F.,
_eeditor.
700 1 _aHulse, Michael,
_d1955-
_etranslator.
_924883
942 _2ddc
_k759.054 IMP
_cBB
999 _c19336
_d19308